|
|
|
|
| LEADER |
01545nam a2200313 a 4500 |
| 001 |
15313038 |
| 003 |
BD-DhAAL |
| 008 |
090720s2007 bg a bs f000 0 eng d |
| 010 |
|
|
|a 2008330311
|
| 040 |
|
|
|a DLC
|c DLC
|d BD-DhAAL
|
| 082 |
0 |
0 |
|a 306/.09549/2
|2 22
|
| 245 |
0 |
0 |
|a Millennium development goals :
|b mid-term Bangladesh progress report 2007.
|
| 246 |
1 |
7 |
|a Bangladesh millennium development goals progress report 2007
|
| 260 |
|
|
|a [Dhaka] :
|b General Economics Division, Planning Commission, Govt. of the People's Republic of Bangladesh,
|c 2007.
|
| 300 |
|
|
|a 53 pages :
|b col. illustrations ;
|c 29 cm.
|
| 500 |
|
|
|a Cover title.
|
| 500 |
|
|
|a Includes statistical tables.
|
| 504 |
|
|
|a Includes bibliographical references (p. 43).
|
| 526 |
|
|
|x Salim khan
Sr. program Associate
James P. Grant School.
Course name and no. N/A
|
| 541 |
1 |
|
|a A H Development publishing house
|e 00018462
|
| 650 |
|
0 |
|a Social indicators
|z Bangladesh.
|9 57864
|
| 650 |
|
0 |
|a Economic indicators
|z Bangladesh.
|9 32920
|
| 650 |
|
0 |
|a Quality of life
|z Bangladesh.
|9 28020
|
| 650 |
|
0 |
|a Social policy
|z Bangladesh.
|9 57865
|
| 710 |
1 |
|
|a Bangladesh.
|b Parikalpanā Kamiśana.
|b General Economics Division.
|
| 852 |
4 |
|
|a School of Public Health.
|
| 942 |
|
|
|2 ddc
|c BK
|
| 999 |
|
|
|c 2555
|d 2555
|
| 952 |
|
|
|0 0
|1 0
|2 ddc
|4 0
|6 306_095492000000000_MIL
|7 0
|9 2328
|a JPGSPH
|b JPGSPH
|d 2009-04-28
|e A. H. Development Publishing House
|g 280.00
|l 0
|o 306.095492 MIL
|p 3060018462
|r 2009-07-21
|t 1
|w 2009-07-21
|y BK
|x Requisitioned by Salim khan, Sr. program Associate, James P. Grant School. Course name and no. N/A
|